| 000 | 004680000a22001690004500 | ||
|---|---|---|---|
| 003 | MACL | ||
| 005 | 20160113131200.0 | ||
| 008 | 160113b xxu||||| |||| 00| 0 eng d | ||
| 040 |
_aMACL _cMACL |
||
| 041 | _aEnglish | ||
| 082 | _a962/RAN | ||
| 100 |
_aCasatim Major Gaetano _931748 |
||
| 245 |
_aTen Years in Equatoria and the Return with Emin Pasha _bvol 1 |
||
| 260 |
_bFrederick Warne and Co _c1891 _aLondon |
||
| 650 |
_aHistory _931749 |
||
| 942 |
_cBK _k962/CAS _2ddc |
||
| 999 |
_c37581 _d37581 |
||